Atlas mundial Emesa / (Record no. 60316)

MARC details
000 -LEADER
campo de control de longitud fija 01032nam a2200277 i 4500
001 - NÚMERO DE CONTROL
campo de control 60316
003 - IDENTIFICADOR DE NÚMERO DE CONTROL
campo de control ES-MaACL
005 - FECHA Y HORA DE LA ÚLTIMA TRANSACCIÓN
campo de control 20251114102517.0
007 - CAMPO FIJO DE DESCRIPCIÓN FÍSICA--INFORMACIÓN GENERAL
campo de control de longitud fija t|
008 - DATOS DE LONGITUD FIJA--INFORMACIÓN GENERAL
campo de control de longitud fija 031104s1980 sp ||||1| spa d
020 ## - NÚMERO INTERNACIONAL ESTÁNDAR DEL LIBRO
Número Internacional Estándar del Libro 84-265-3910-6
080 ## - NÚMERO DE LA CLASIFICACIÓN DECIMAL UNIVERSAL
Número de la Clasificación Decimal Universal 912(100)
100 1# - ENTRADA PRINCIPAL--NOMBRE DE PERSONA
Nombre de persona Goode, John Paul.
9 (RLIN) 173043
245 10 - MENCIÓN DEL TÍTULO
Título Atlas mundial Emesa /
Mención de responsabilidad, etc. [de John Paul Goode] ; dirigido por Edward B. Espenshade, Joel L. Morrison ; edición española preparada por José Manuel Casas Torres, Pedro Plans Sanz de Bremond, Juan Córdoba y Ordónez.
250 ## - MENCION DE EDICION
Mención de edición 2ª ed.
260 ## - PUBLICACIÓN, DISTRIBUCIÓN, ETC.
Lugar de publicación, distribución, etc. Madrid :
Nombre del editor, distribuidor, etc. Magisterio Español,
Fecha de publicación, distribución, etc. 1980.
300 ## - DESCRIPCIÓN FÍSICA
Extensión XIV, 303 p. :
Otras características físicas principalmente mapas col. ;
Dimensiones 29 cm.
650 #7 - PUNTO DE ACCESO ADICIONAL DE MATERIA--TÉRMINO DE MATERIA
Término de materia o nombre geográfico como elemento de entrada Atlas
Fuente del encabezamiento o término embne
9 (RLIN) 10407
700 1# - ENTRADA AGREGADA--NOMBRE PERSONAL
Nombre de persona Espenshade, Edward B.
9 (RLIN) 47807
700 1# - ENTRADA AGREGADA--NOMBRE PERSONAL
Nombre de persona Morrison, Joel L.
9 (RLIN) 83685
700 1# - ENTRADA AGREGADA--NOMBRE PERSONAL
Nombre de persona Casas Torres, José Manuel,
Fechas asociadas al nombre 1916-2010
9 (RLIN) 36236
700 1# - ENTRADA AGREGADA--NOMBRE PERSONAL
Nombre de persona Plans Sanz de Bremond, Pedro.
9 (RLIN) 92570
700 1# - ENTRADA AGREGADA--NOMBRE PERSONAL
Nombre de persona Córdoba y Ordóñez, Juan.
9 (RLIN) 40556
852 ## - LOCALIZACIÓN
Ubicación ES-MaACL
Número de control de estantería L-2079
Holdings
Estatus retirado Estado de pérdida Estado de daño No para préstamo Biblioteca de origen Biblioteca actual Ubicación en estantería Fecha de adquisición Fuente de adquisición Total de préstamos Signatura topográfica completa Código de barras Visto por última vez Precio de reemplazo Tipo de ítem Koha
        Biblioteca del Ateneo de Madrid Biblioteca del Ateneo de Madrid Depósito 2 17/01/2008     L-2079 1063262 23/02/2023 23/02/2023 Libro impreso